| 000 | 00000nam 2200000za 4500 |
| 001 | 9.629986 |
| 003 | CaOODSP |
| 005 | 20221107134259 |
| 007 | cr ||||||||||| |
| 008 | 150407s2015 xxc|||||o f|0| 0 eng d |
| 020 | |a978-1-100-25840-9 |
| 040 | |aCaOODSP|beng |
| 043 | |an-cn--- |
| 086 | 1 |aCH24-45/2015E-PDF |
| 245 | 00|aCanada 150 fund |h[electronic resource] : |bapplicant's guide 2015-2016, program guidelines and application form |
| 260 | |a[Ottawa] : |bCanadian Heritage, |c[2015]. |
| 300 | |a22, iii p. : |btable, glossary. |
| 500 | |aIssued also in French under title: Fonds Canada 150 - guide du demandeur, lignes directrices du programme et formulaire de demande. |
| 710 | 1 |aCanada. |bCanadian Heritage. |
| 775 | 08|tFonds Canada 150 |w(CaOODSP)9.677579 |
| 856 | 40|qPDF|s843 KB|uhttps://publications.gc.ca/collections/collection_2015/pc-ch/CH24-45-2015-eng.pdf |